Top 15 des pays avec les décès de Covid-19 - 10 mai - Statistiques

Statistiques générales
  • Ce quiz a été pris 40 fois
  • Le résultat moyen est 14 sur 21
Statistiques - réponses
pays % Correct
France
100%
Etats-Unis
97%
Brésil
92%
Chine
92%
Italie
92%
Allemagne
87%
Canada
87%
Espagne
84%
Royaume-Uni
84%
Mexique
74%
Portugal
71%
Belgique
61%
Suède
61%
Suède
61%
Suisse
61%
Turquie
53%
Pays-Bas
47%
Danemark
45%
Iran
39%
Irlande
39%
Équateur
11%
Aucun quiz correspondant
Distribution des résultats
% des personnes avec chaque résultat
Percentile par nombre de réponses
Votre historique - résultats
Vous n’avez pas pris ce quiz